Movies Quiz

Random Movies or Director Quiz

Cannes Film Winners Quiz Stats

 Plays Quiz Updated Jul 18, 2021

     
Support Sporcle.
Go Orange.
Score 0/51 Timer 07:00
0 Plays Today
Year Movie % Correct
1994Pulp Fiction
86.3%
2019Parasite
79.9%
1976Taxi Driver
60.4%
2002The Pianist
55%
1979Apocalypse Now
52.9%
2004Fahrenheit 9/11
51.8%
2012Amour
51.2%
2016I, Daniel Blake
45.4%
2018Shoplifters
45%
2021Titane
44.9%
2017The Square
44.1%
1993The Piano
42.6%
2003Elephant
42.3%
1989sex, lies, and videotape
41%
2013Blue Is the Warmest Color
39.4%
1991Barton Fink
39.3%
2015Dheepan
31.5%
2014Winter Sleep
28.7%
1980All That Jazz
28.5%
1990Wild at Heart
26.9%
2000Dancer in the Dark
26.6%
2011The Tree of Life
24.7%
1996Secrets & Lies
24.2%
1984Paris, Texas
23%
2006The Wind That Shakes the Barley
20%
2008The Class
17.9%
Year Movie % Correct
2009The White Ribbon
16.7%
1986The Mission
16.1%
20074 Months, 3 Weeks and 2 Days
15.8%
1980Kagemusha
15.2%
1982Missing
15%
2005The Child
14.9%
1979The Tin Drum
13.5%
1997Taste of Cherry
13%
1995Underground
12.7%
1999Rosetta
11.8%
2001The Son's Room
10.5%
1993Farewell My Concubine
10%
2010Uncle Boonmee Who Can Recall His Past Lives
9.8%
1997The Eel
9.2%
1988Pelle the Conqueror
8.7%
1981Man of Iron
6.9%
1998Eternity and a Day
6.8%
1978The Tree of Wooden Clogs
6.7%
1982The Way
5.8%
1983The Ballad of Narayama
5.4%
1985When Father Was Away on Business
5.3%
1977Padre Padrone
5%
1987Under the Sun of Satan
4.6%
1992The Best Intentions
4.5%
1975Chronicle of the Years of Fire
2.9%

From the Vault

Song Opposites

by MovieGuru

Music 8m
This quiz is more fun if you picture the artists debating in your head.
Remove Ads.
Support Sporcle.
Get the best of Sporcle when you Go Orange. This ad-free experience offers more features, more stats, and more fun while also helping to support Sporcle. Thank you for becoming a member.

Show Comments

Extras

Top Quizzes Today


Score Distribution

Your Account Isn't Verified!

In order to create a playlist on Sporcle, you need to verify the email address you used during registration. Go to your Sporcle Settings to finish the process.

Report this User

Report this user for behavior that violates our Community Guidelines.

Details: